000 00609nam a2200241 a 4500
001 0001-1173
003 ELIB.Books
008 150507 2010 eng
020 _aKBTS
035 _a(ELIB.Books)0001-1328
092 _a268
_bGra
100 _aGraendorf, Werner C.
245 _aIntroducing to Biblical Christian Education
260 _aChicago
_bMoody Press
_c1981
300 _a413
_c21 CM
500 _aLibrary
650 _aChristian Education
856 _nKBTS: Library
_uKBTS: Elib
942 _2ddc
_cBK
990 _a1
998 _cbat
_e2015-05-07
999 _c11173
_d11173